[Event "Spiltan & Pelaro IM"]
[Site "?"]
[Date "2004.06.14"]
[Round "3"]
[White "Wengholm, Anders"]
[Black "Wesslén, Ulf"]
[Result "1-0"]
[WhiteElo "2206"]
[BlackElo "2052"]
[PlyCount "73"]
[EventDate "2004.06.12"]

1. Nf3 Nf6 2. c4 d6 3. d4 c5 4. Nc3 cxd4 5. Nxd4 g6 6. e4 Bg7 7. Be2 O-O 8. Be3
Nc6 9. O-O Bd7 10. Qd2 Ng4 11. Bxg4 Bxg4 12. f4 Bd7 13. Kh1 Qa5 14. Rac1 Rfc8
15. b3 Qd8 16. Nd5 b6 17. Nxc6 Bxc6 18. Bd4 e5 19. Be3 Bxd5 20. Qxd5 Qe7 21. f5
Rd8 22. Rc2 Kh8 23. Rcf2 gxf5 24. Rxf5 f6 25. a4 Rab8 26. R5f2 Qb7 27. Qd3 a6
28. Rd1 Qc6 29. h3 Rd7 30. Ra2 Rbd8 31. Qd5 Qc7 32. a5 bxa5 33. Rxa5 Rb8 34.
Rxa6 Rxb3 35. Ra7 Qd8 36. Rxd7 Qxd7 37. Qa8+ 1-0

[Event "Spiltan & Pelaro IM"]
[Site "?"]
[Date "2004.06.14"]
[Round "3"]
[White "Gagarin, Vasilij"]
[Black "Johansson, Robin"]
[Result "1-0"]
[WhiteElo "2422"]
[BlackElo "1959"]
[PlyCount "39"]
[EventDate "2004.06.12"]

1. d4 Nf6 2. c4 g6 3. Nc3 Bg7 4. Nf3 O-O 5. Bg5 h6 6. Bh4 c6 7. e3 d6 8. Qc2
Nbd7 9. Be2 e5 10. Rd1 Qe7 11. O-O g5 12. Bg3 Nh5 13. Bd3 Nxg3 14. hxg3 a6 15.
Bh7+ Kh8 16. Bf5 b5 17. Ne4 Nf6 18. Nxd6 Qxd6 19. dxe5 Bxf5 20. Qxf5 1-0

[Event "Spiltan & Pelaro IM"]
[Site "?"]
[Date "2004.06.15"]
[Round "4"]
[White "Ask, Josef"]
[Black "Dumitrache, Dragos"]
[Result "0-1"]
[WhiteElo "2183"]
[BlackElo "2490"]
[PlyCount "90"]
[EventDate "2004.06.12"]

1. e4 c5 2. Nf3 Nc6 3. d3 g6 4. g3 Bg7 5. Bg2 d6 6. O-O e5 7. c3 Nge7 8. a3 O-O
9. Nbd2 h6 10. b4 Be6 11. Nb3 b6 12. d4 exd4 13. cxd4 Bc4 14. Re1 cxb4 15. Rb1
d5 16. Nbd2 Bd3 17. Rb3 Bb5 18. Rb1 a5 19. e5 Qd7 20. Nf1 Bc4 21. h4 b5 22.
axb4 axb4 23. N1h2 Qf5 24. Bd2 Ra2 25. Bxb4 Nxb4 26. Rxb4 Rfa8 27. Nf1 Qd3 28.
Qxd3 Bxd3 29. Ne3 Bf8 30. Nh2 Ra1 31. Rxa1 Rxa1+ 32. Nhf1 Nc6 33. Rb2 Nxd4 34.
Bxd5 Bc5 35. Kg2 Nf5 36. e6 fxe6 37. Bxe6+ Kf8 38. Bxf5 gxf5 39. Nd2 Bxe3 40.
fxe3 Re1 41. Kf3 Re2 42. Ra2 Ke7 43. Ra7+ Kd6 44. Nb3 Rb2 45. Nd4 Be4+ 0-1

[Event "Spiltan & Pelaro IM"]
[Site "?"]
[Date "2004.06.15"]
[Round "4"]
[White "Cioara, Andrei"]
[Black "Carlhammar, Magnus"]
[Result "1-0"]
[WhiteElo "2383"]
[BlackElo "2284"]
[PlyCount "89"]
[EventDate "2004.06.12"]

1. d4 Nf6 2. c4 g6 3. Nf3 Bg7 4. g3 O-O 5. Bg2 d5 6. cxd5 Nxd5 7. O-O Nb6 8.
Nc3 Nc6 9. e3 Re8 10. d5 Na5 11. e4 c6 12. Ne1 cxd5 13. exd5 Bf5 14. Nc2 Qd7
15. Ne3 Bh3 16. Bxh3 Qxh3 17. Qd3 Rac8 18. Rd1 Nac4 19. Rb1 Red8 20. Nxc4 Nxc4
21. Qf3 Rd7 22. Bd2 Nxd2 23. Rxd2 Qf5 24. Qxf5 gxf5 25. Nd1 f4 26. gxf4 Rc4 27.
f5 Rd4 28. Rxd4 Bxd4 29. Nc3 Bxc3 30. bxc3 Kg7 31. c4 b6 32. Kg2 Rc7 33. Rc1
Kf6 34. Kf3 Kxf5 35. Ke3 Rc5 36. a4 Ke5 37. f4+ Kf5 38. Kd4 f6 39. Rg1 Kxf4 40.
Rg7 Ra5 41. Rxe7 Rxa4 42. d6 Ra1 43. Kd5 Rd1+ 44. Ke6 Re1+ 45. Kxf6 1-0

[Event "Spiltan & Pelaro IM"]
[Site "?"]
[Date "2004.06.15"]
[Round "4"]
[White "Lönngren, Tobias"]
[Black "Welin, Mats"]
[Result "0-1"]
[WhiteElo "2148"]
[BlackElo "2242"]
[PlyCount "102"]
[EventDate "2004.06.12"]

1. d4 Nf6 2. Nf3 e6 3. c4 d5 4. Nc3 Be7 5. cxd5 exd5 6. Bg5 c6 7. Qc2 g6 8.
Bxf6 Bxf6 9. e3 O-O 10. Bd3 Be6 11. h4 c5 12. dxc5 Nd7 13. Nd4 Nxc5 14. Nxe6
fxe6 15. h5 d4 16. exd4 Bxd4 17. O-O-O Rxf2 18. Be2 Qg5+ 19. Kb1 Qe5 20. Rhe1
Bxc3 21. Qxc3 Qxc3 22. bxc3 Ne4 23. Rc1 Rxg2 24. hxg6 hxg6 25. Ka1 Rf8 26. Bd3
Nc5 27. Bc4 Rf4 28. Bxe6+ Nxe6 29. Rxe6 Rff2 30. Re8+ Kg7 31. Re7+ Kf6 32. Rxb7
Rxa2+ 33. Kb1 Ra6 34. Rb4 Rb6 35. Rf1+ Kg5 36. Rxb6 axb6 37. Rf7 Re2 38. Rb7
Re6 39. Kc2 Kf4 40. Kd3 g5 41. Rf7+ Kg3 42. Kc4 g4 43. Kb5 Kh2 44. Rh7+ Kg2 45.
c4 g3 46. Rb7 Kf3 47. Rf7+ Ke3 48. Rg7 Kf2 49. Rf7+ Kg1 50. Rg7 g2 51. Rf7 Rh6
0-1

[Event "Spiltan & Pelaro IM"]
[Site "?"]
[Date "2004.06.15"]
[Round "4"]
[White "Helin, Mikael"]
[Black "Edlund, Robin"]
[Result "0-1"]
[WhiteElo "1957"]
[BlackElo "2237"]
[PlyCount "54"]
[EventDate "2004.06.12"]

1. e4 c5 2. c4 Nc6 3. Nc3 Nf6 4. g3 e6 5. f4 d5 6. e5 Nd7 7. Bg2 dxc4 8. Bxc6
bxc6 9. Nh3 Be7 10. O-O O-O 11. a4 Nb6 12. a5 Nd5 13. Qh5 Nb4 14. Ng5 Bxg5 15.
fxg5 Qd4+ 16. Kg2 Qxe5 17. Rf4 Nd3 18. Rh4 Qf5 19. Nd1 Ne1+ 20. Kg1 Nf3+ 21.
Kg2 Nxh4+ 22. gxh4 e5 23. Ra3 Be6 24. Rg3 Qc2 25. Rc3 Qe4+ 26. Qf3 Qxh4 27.
Qxc6 Qg4+ 0-1

[Event "Spiltan & Pelaro IM"]
[Site "?"]
[Date "2004.06.15"]
[Round "4"]
[White "Tetenkina, Irina"]
[Black "Wengholm, Anders"]
[Result "0-1"]
[WhiteElo "2199"]
[BlackElo "2206"]
[PlyCount "54"]
[EventDate "2004.06.12"]

1. Nf3 Nf6 2. c4 c5 3. g3 b6 4. Bg2 Bb7 5. O-O e6 6. Nc3 d6 7. Re1 a6 8. e4 Be7
9. d4 cxd4 10. Nxd4 Qc7 11. Be3 Nbd7 12. f4 Rc8 13. Rc1 Qb8 14. Qe2 Qa8 15. f5
e5 16. Nd5 exd4 17. Bxd4 Bd8 18. e5 dxe5 19. Bxe5 O-O 20. Bd6 Bxd5 21. Bxd5
Nxd5 22. Bxf8 Bg5 23. cxd5 Rxc1 24. Bb4 Rxe1+ 25. Qxe1 a5 26. Ba3 b5 27. Bd6
Nf6 0-1

[Event "Spiltan & Pelaro IM"]
[Site "?"]
[Date "2004.06.15"]
[Round "4"]
[White "Krivonosov, Oleg"]
[Black "Nithander, Victor"]
[Result "1/2-1/2"]
[WhiteElo "2455"]
[BlackElo "2198"]
[PlyCount "65"]
[EventDate "2004.06.12"]

1. Nf3 g6 2. c4 Bg7 3. d4 Nf6 4. Nc3 O-O 5. e4 d6 6. Be2 e5 7. dxe5 dxe5 8.
Qxd8 Rxd8 9. Bg5 Re8 10. Nd5 Nxd5 11. cxd5 c6 12. Bc4 cxd5 13. Bxd5 Na6 14.
O-O-O Nc7 15. Bb3 Be6 16. Bxe6 Nxe6 17. Be3 f5 18. Kb1 f4 19. Bc1 Rad8 20. b3
Rxd1 21. Rxd1 Nc5 22. Re1 Nd3 23. Re2 Bf8 24. Rd2 Nc5 25. Bb2 Nxe4 26. Re2 Nc5
27. Rxe5 Rxe5 28. Bxe5 Nd3 29. Bd4 Bc5 30. Bxc5 Nxc5 31. Ne5 Ne4 32. Nd3 f3 33.
g3 1/2-1/2

[Event "Spiltan & Pelaro IM"]
[Site "?"]
[Date "2004.06.15"]
[Round "4"]
[White "Valaker, Ole"]
[Black "Nemeth, Sebastian"]
[Result "1/2-1/2"]
[WhiteElo "2244"]
[BlackElo "2124"]
[PlyCount "78"]
[EventDate "2004.06.12"]

1. d4 Nf6 2. Nf3 d6 3. Nc3 Nbd7 4. Bf4 c5 5. e3 a6 6. a4 Qa5 7. Nd2 d5 8. Be2
Qb4 9. Nb3 c4 10. a5 b5 11. O-O e6 12. Na2 Qe7 13. Nd2 Qd8 14. Bf3 Bb7 15. Qe2
Ne4 16. Nc3 Nxd2 17. Qxd2 Bb4 18. Qe2 f5 19. g4 O-O 20. gxf5 Bxc3 21. bxc3 exf5
22. Kh1 Nf6 23. Rg1 Qe7 24. Be5 Rf7 25. Bh5 g6 26. Rg2 Kf8 27. Bf3 Ke8 28. Bf4
Kd7 29. Rgg1 Re8 30. Qf1 Ne4 31. Qg2 Nxc3 32. Be5 Ne4 33. Bd1 Qh4 34. Rf1 Nd2
35. Rg1 Ne4 36. Rf1 Nd2 37. Re1 Ne4 38. Rf1 Nd2 39. Rg1 Ne4 1/2-1/2

[Event "Spiltan & Pelaro IM"]
[Site "?"]
[Date "2004.06.15"]
[Round "4"]
[White "Åkesson, Joel"]
[Black "Sagit, Rauan"]
[Result "1-0"]
[WhiteElo "2360"]
[BlackElo "2081"]
[PlyCount "85"]
[EventDate "2004.06.12"]

1. d4 Nf6 2. Nf3 c6 3. c4 d6 4. g3 Nbd7 5. Bg2 e5 6. Nc3 Be7 7. O-O O-O 8. Qc2
Qc7 9. Rd1 Re8 10. e4 a6 11. Be3 Bf8 12. Rac1 b6 13. h3 Bb7 14. Qb1 a5 15. b3
Rac8 16. Nd2 g6 17. d5 cxd5 18. cxd5 Qb8 19. Bf1 Bg7 20. Bb5 Rf8 21. a3 Rc7 22.
Nc4 Ba8 23. Bxd7 Nxd7 24. Nb5 Rcc8 25. Ncxd6 Rcd8 26. b4 axb4 27. axb4 f5 28.
exf5 Nf6 29. fxg6 Rxd6 30. gxh7+ Kh8 31. Nxd6 Qxd6 32. Qg6 Qd7 33. Bh6 Bxh6 34.
Qxh6 Nxh7 35. Qe6 Qg7 36. Rc8 Bb7 37. Rxf8+ Nxf8 38. Qxb6 Ng6 39. Qd8+ Qf8 40.
Qxf8+ Nxf8 41. d6 Ne6 42. d7 Nd8 43. Rc1 1-0

[Event "Spiltan & Pelaro IM"]
[Site "?"]
[Date "2004.06.15"]
[Round "4"]
[White "Bellon, Juan"]
[Black "Johansson, Robin"]
[Result "1-0"]
[WhiteElo "2411"]
[BlackElo "1959"]
[PlyCount "55"]
[EventDate "2004.06.12"]

1. d4 g6 2. g3 Bg7 3. e4 d6 4. Bg2 Nc6 5. Ne2 e5 6. Be3 f5 7. Nbc3 Nf6 8. exf5
Bxf5 9. h3 exd4 10. Nxd4 Nxd4 11. Qxd4 O-O 12. Qc4+ Kh8 13. g4 Bc8 14. O-O-O
Re8 15. Rhe1 c6 16. Bg5 Rxe1 17. Rxe1 d5 18. Qf4 Kg8 19. Re3 d4 20. Rd3 c5 21.
Nb5 Qf8 22. Nc7 h6 23. Bxf6 Bxf6 24. Bd5+ Kh7 25. Kd1 Rb8 26. Rf3 Qe7 27. Qxf6
Qxc7 28. Bg8+ 1-0

[Event "Spiltan & Pelaro IM"]
[Site "?"]
[Date "2004.06.16"]
[Round "5"]
[White "Welin, Mats"]
[Black "Krivonosov, Oleg"]
[Result "0-1"]
[WhiteElo "2242"]
[BlackElo "2455"]
[PlyCount "74"]
[EventDate "2004.06.12"]

1. e4 e5 2. Nf3 Nc6 3. Bb5 Nf6 4. O-O Nxe4 5. Re1 Nd6 6. Nxe5 Be7 7. Bd3 Nxe5
8. Rxe5 O-O 9. Nc3 c6 10. b3 Ne8 11. Qe2 Bf6 12. Re3 d5 13. Ba3 Nd6 14. Qh5 g6
15. Qf3 Re8 16. Rf1 Kg7 17. Bxd6 Rxe3 18. fxe3 Qxd6 19. e4 Bd4+ 20. Kh1 Be6 21.
exd5 cxd5 22. Nb5 Qe5 23. Nxd4 Qxd4 24. Qg3 Re8 25. c3 Qc5 26. Qe5+ Kg8 27. b4
Qe7 28. Qd4 b6 29. Bc2 Bc8 30. Qf4 Ba6 31. d3 Rc8 32. Qd4 Qe2 33. Qf6 Rf8 34.
Rf2 Qe1+ 35. Rf1 Qd2 36. Rf2 Qc1+ 37. Rf1 Qxc2 0-1

[Event "Spiltan & Pelaro IM"]
[Site "?"]
[Date "2004.06.16"]
[Round "5"]
[White "Nithander, Victor"]
[Black "Bellon, Juan"]
[Result "0-1"]
[WhiteElo "2198"]
[BlackElo "2411"]
[PlyCount "72"]
[EventDate "2004.06.12"]

1. e4 c5 2. Nf3 a6 3. c3 Qa5 4. Bc4 e6 5. O-O b5 6. Bb3 Bb7 7. Re1 c4 8. Bc2 d6
9. a4 Nd7 10. d4 cxd3 11. Qxd3 b4 12. Nbd2 Rc8 13. Nc4 Qc7 14. b3 Ngf6 15. Qe2
bxc3 16. Ba3 d5 17. exd5 Bxd5 18. Bxf8 Bxc4 19. bxc4 Kxf8 20. Rad1 Qxc4 21. Bd3
Qxa4 22. Bxa6 Rc5 23. Ra1 Qf4 24. Bb5 Ke7 25. Ra4 Qc7 26. Nd4 Re8 27. Bxd7 Qxd7
28. Qa2 Kf8 29. Qa3 Qe7 30. Ra6 Rc4 31. Nb5 Qxa3 32. Rxa3 c2 33. Rc1 Rb8 34.
Rc3 Rxc3 35. Nxc3 Nd5 36. Nxd5 Rb1 0-1

[Event "Spiltan & Pelaro IM"]
[Site "?"]
[Date "2004.06.16"]
[Round "5"]
[White "Gagarin, Vasilij"]
[Black "Cioara, Andrei"]
[Result "1-0"]
[WhiteElo "2422"]
[BlackElo "2383"]
[PlyCount "67"]
[EventDate "2004.06.12"]

1. d4 Nf6 2. c4 e6 3. Nc3 c5 4. d5 exd5 5. cxd5 d6 6. e4 g6 7. h3 Bg7 8. Nf3
O-O 9. Bd3 a6 10. O-O Re8 11. Re1 Nbd7 12. Bf4 Qc7 13. Qd2 Nh5 14. Be3 Ne5 15.
Nxe5 Rxe5 16. f4 Re8 17. Rad1 Bd7 18. Be2 Ng3 19. Bf3 f5 20. e5 dxe5 21. d6 Qb6
22. Bd5+ Kh8 23. Qf2 Nh5 24. Bxc5 Qa5 25. fxe5 Rxe5 26. Rxe5 Bxe5 27. Bd4 Bg7
28. Bxg7+ Nxg7 29. Qd4 Re8 30. Bxb7 Re6 31. Kh1 h5 32. Bd5 Re8 33. Bf7 Rb8 34.
Qf4 1-0

[Event "Spiltan & Pelaro IM"]
[Site "?"]
[Date "2004.06.16"]
[Round "5"]
[White "Wengholm, Anders"]
[Black "Åkesson, Joel"]
[Result "0-1"]
[WhiteElo "2206"]
[BlackElo "2360"]
[PlyCount "73"]
[EventDate "2004.06.12"]

1. Nf3 d5 2. d4 Nf6 3. c4 c6 4. Qb3 dxc4 5. Qxc4 Bf5 6. Nc3 e6 7. g3 Nbd7 8.
Bg2 Be7 9. O-O O-O 10. Qb3 Qb6 11. Nd2 e5 12. Qxb6 axb6 13. d5 cxd5 14. Nxd5
Nxd5 15. Bxd5 Nc5 16. a3 Rfd8 17. Bg2 Ra7 18. b4 Ne6 19. Nc4 Bxb4 20. Bb2 Bc5
21. Nxe5 Rd2 22. Bc3 Rxe2 23. Nd7 Rc2 24. Bb4 Nd4 25. Ne5 f6 26. Nf3 g5 27.
Nxd4 Bxd4 28. Rad1 Bc5 29. Bxc5 bxc5 30. Rb1 Rc3 31. Rb6 Kg7 32. Re1 Rcxa3 33.
h4 Ra1 34. Rxa1 Rxa1+ 35. Kh2 Rb1 36. Rxb1 Bxb1 37. Bxb7 0-1

[Event "Spiltan & Pelaro IM"]
[Site "?"]
[Date "2004.06.16"]
[Round "5"]
[White "Wesslén, Ulf"]
[Black "Lönngren, Tobias"]
[Result "1-0"]
[WhiteElo "2052"]
[BlackElo "2148"]
[PlyCount "91"]
[EventDate "2004.06.12"]

1. c4 Nf6 2. Nc3 c5 3. Nf3 e6 4. d4 cxd4 5. Nxd4 a6 6. e4 d6 7. Be2 Be7 8. Be3
O-O 9. O-O Nc6 10. Qd2 Nxd4 11. Bxd4 Qc7 12. f3 Nd7 13. Rac1 Rd8 14. Kh1 h6 15.
Be3 Rb8 16. b4 Nf8 17. Ba7 Ra8 18. Qe3 Re8 19. Bb6 Qb8 20. Qf2 Bd7 21. Rfd1 Rc8
22. a3 Be8 23. f4 Ng6 24. Nb1 Bd8 25. f5 exf5 26. exf5 Bxb6 27. Qxb6 Nf4 28.
Bf3 Bc6 29. Qe3 Bxf3 30. Qxf3 d5 31. g3 Nh3 32. Rxd5 Ng5 33. Qd3 b5 34. c5 a5
35. Rd1 axb4 36. axb4 Qb7 37. h4 Nh7 38. Qf3 Nf8 39. Kh2 Ra2+ 40. R1d2 Rca8 41.
Qg2 Ra1 42. Nc3 Qe7 43. Re2 Qc7 44. Rd6 Qb8 45. Re7 R8a3 46. Qd5 1-0

[Event "Spiltan & Pelaro IM"]
[Site "?"]
[Date "2004.06.16"]
[Round "5"]
[White "Edlund, Robin"]
[Black "Nemeth, Sebastian"]
[Result "1-0"]
[WhiteElo "2237"]
[BlackElo "2124"]
[PlyCount "80"]
[EventDate "2004.06.12"]

1. e4 c5 2. Nf3 d6 3. d4 cxd4 4. Nxd4 Nf6 5. Nc3 a6 6. Bc4 e6 7. Bb3 b5 8. Bg5
Be7 9. Qf3 Qb6 10. O-O-O O-O 11. Rhe1 Bb7 12. Qh3 Nc6 13. Nxc6 Bxc6 14. f4 Qb7
15. e5 dxe5 16. fxe5 Ne8 17. Qh4 Bxg5+ 18. Qxg5 a5 19. a4 bxa4 20. Bxa4 Bxa4
21. Nxa4 Qb4 22. b3 Nc7 23. Re3 Qa3+ 24. Kb1 Rfb8 25. Rg3 Ne8 26. Rd4 Qf8 27.
Rd7 Qb4 28. Qe7 Qxe7 29. Rxe7 Kf8 30. Rd7 Rd8 31. Rgd3 Rxd7 32. Rxd7 h5 33. Kb2
g5 34. c4 Ng7 35. Ka3 Ke8 36. Rb7 Nf5 37. Nb6 Rd8 38. Ka4 Nd4 39. Rc7 h4 40.
Nc8 h3 1-0

[Event "Spiltan & Pelaro IM"]
[Site "?"]
[Date "2004.06.16"]
[Round "5"]
[White "Johansson, Robin"]
[Black "Sagit, Rauan"]
[Result "0-1"]
[WhiteElo "1959"]
[BlackElo "2081"]
[PlyCount "128"]
[EventDate "2004.06.12"]

1. d4 Nf6 2. Nf3 e6 3. e3 c5 4. Bd3 b6 5. O-O Bb7 6. b3 Be7 7. Bb2 O-O 8. Nbd2
d6 9. c4 Nbd7 10. Rc1 Rc8 11. a3 Re8 12. Bb1 Nf8 13. Qe2 Rc7 14. Rfd1 Qa8 15.
Qf1 Ng6 16. Ne1 cxd4 17. exd4 Nh5 18. f3 Rec8 19. b4 Ba6 20. g3 Nf6 21. Bd3 Bb7
22. Ng2 Re8 23. Re1 a5 24. Bc3 Rec8 25. Ne4 Ne8 26. Nd2 Bf6 27. h4 Ne7 28. Nf4
g6 29. Kh2 Bg7 30. Nh3 Bh8 31. Qe2 axb4 32. axb4 Rd8 33. Ra1 Qc8 34. Ra3 Nc6
35. Qf2 b5 36. cxb5 Ne5 37. Ba1 Nxd3 38. Rxd3 Qd7 39. Ne4 Qxb5 40. Qd2 Rdc8 41.
Bc3 Bd5 42. Nhf2 Qb6 43. Ra1 f5 44. Ng5 h6 45. Ngh3 Kh7 46. Nf4 Qb7 47. Ra5 Bc4
48. Re3 Bf6 49. Kg1 Ng7 50. N2d3 Qb6 51. Nc1 Bb5 52. Nce2 g5 53. hxg5 Bxg5 54.
Ra3 Bc4 55. Kg2 Qb5 56. Ng1 Rg8 57. Kf2 Bxf4 58. gxf4 Nh5 59. Re1 Rcg7 60. Qc1
Rg2+ 61. Ke3 Qb7 62. Qa1 Qd5 63. Ra5 Bb5 64. Ra7+ Kh8 0-1

[Event "Spiltan & Pelaro IM"]
[Site "?"]
[Date "2004.06.17"]
[Round "6"]
[White "Bellon, Juan"]
[Black "Dumitrache, Dragos"]
[Result "1/2-1/2"]
[WhiteElo "2411"]
[BlackElo "2490"]
[PlyCount "30"]
[EventDate "2004.06.12"]

1. d4 d5 2. Nf3 Nf6 3. c4 e6 4. Nc3 c6 5. Bg5 Nbd7 6. e3 Qa5 7. Nd2 Bb4 8. Qc2
O-O 9. a3 dxc4 10. Bxf6 Nxf6 11. Nxc4 Bxc3+ 12. Qxc3 Qxc3+ 13. bxc3 b6 14. Bd3
Ba6 15. Ne5 Bxd3 1/2-1/2

[Event "Spiltan & Pelaro IM"]
[Site "?"]
[Date "2004.06.17"]
[Round "6"]
[White "Krivonosov, Oleg"]
[Black "Polej, Vladimir"]
[Result "1-0"]
[WhiteElo "2455"]
[BlackElo "2405"]
[PlyCount "77"]
[EventDate "2004.06.12"]

1. Nf3 g6 2. c4 Bg7 3. d4 d6 4. Nc3 Bg4 5. e3 Nc6 6. Be2 e5 7. O-O Nh6 8. d5
Ne7 9. e4 O-O 10. Ng5 Bd7 11. f4 Qc8 12. fxe5 dxe5 13. c5 f6 14. Nf3 Nf7 15.
Bc4 Rd8 16. b4 a5 17. Qb3 Be8 18. b5 b6 19. d6 cxd6 20. c6 h6 21. Be6 Qc7 22.
Nh4 Ra7 23. Be3 Rb8 24. Rad1 Qd8 25. Rd2 g5 26. Nf5 Nxf5 27. Bxf5 Bf8 28. Nd5
Kg7 29. Qc4 Rc7 30. Qe2 Nh8 31. Qf2 Bf7 32. Bxb6 Bxd5 33. Rxd5 Qe7 34. a4 Ra8
35. Bxc7 Qxc7 36. Bd7 Be7 37. b6 Qd8 38. Bf5 Ng6 39. c7 1-0

[Event "Spiltan & Pelaro IM"]
[Site "?"]
[Date "2004.06.17"]
[Round "6"]
[White "Sagit, Rauan"]
[Black "Carlhammar, Magnus"]
[Result "1/2-1/2"]
[WhiteElo "2081"]
[BlackElo "2284"]
[PlyCount "74"]
[EventDate "2004.06.12"]

1. e4 c5 2. c3 Nf6 3. e5 Nd5 4. d4 cxd4 5. Nf3 Nc6 6. cxd4 d6 7. Nc3 dxe5 8.
dxe5 Nxc3 9. Qxd8+ Kxd8 10. bxc3 h6 11. Bc4 e6 12. O-O Bc5 13. Bf4 Bd7 14. Rab1
Na5 15. Be2 Rc8 16. Rfd1 Ke7 17. Nd4 Ba4 18. Rd2 Rhd8 19. Bd1 Bxd1 20. Rbxd1
Nc4 21. Re2 Nb6 22. h3 Nd5 23. Bd2 Bb6 24. Nb5 Nxc3 25. Nxc3 Rxc3 26. Rb1 Rcd3
27. Bb4+ Ke8 28. Bd6 f6 29. Kh2 fxe5 30. Bxe5 Kf7 31. a4 R8d7 32. g3 Rd1 33.
Rb4 R1d2 34. Rxd2 Rxd2 35. a5 Rxf2+ 36. Kh1 Rf1+ 37. Kg2 Rf2+ 1/2-1/2

[Event "Spiltan & Pelaro IM"]
[Site "?"]
[Date "2004.06.17"]
[Round "6"]
[White "Ask, Josef"]
[Black "Welin, Mats"]
[Result "1/2-1/2"]
[WhiteElo "2183"]
[BlackElo "2242"]
[PlyCount "108"]
[EventDate "2004.06.12"]

1. e4 e5 2. d4 exd4 3. Qxd4 Nc6 4. Qe3 Bb4+ 5. Nc3 Nge7 6. Bd2 d6 7. O-O-O O-O
8. Qg3 Be6 9. Nd5 Bxd2+ 10. Rxd2 f5 11. Nf4 Bf7 12. exf5 Nxf5 13. Qh3 Bxa2 14.
Nf3 Qf6 15. Nh5 Qh6 16. g4 Bf7 17. Nh4 Nxh4 18. Qxh4 Rae8 19. Bd3 Nd4 20. Nf6+
Kh8 21. Qxh6 gxh6 22. Nxe8 Rxe8 23. f4 a5 24. Rf2 c5 25. b3 b5 26. Rd1 a4 27.
bxa4 bxa4 28. Kb2 Rb8+ 29. Ka3 Rb4 30. Rff1 Bc4 31. Bxc4 Rxc4 32. c3 Nb5+ 33.
Kb2 Rxc3 34. f5 a3+ 35. Ka1 Rc2 36. Rc1 Re2 37. f6 Nd4 38. Rb1 Nc2+ 39. Ka2 Re8
40. Rb7 Rf8 41. Rf3 Nb4+ 42. Kxa3 Nd5 43. Rd3 Nxf6 44. Rxd6 Nxg4 45. Rdd7 Nf6
46. Rdc7 Kg8 47. Kb3 Rd8 48. Kc4 Ne8 49. Rxh7 Nd6+ 50. Kxc5 Nxb7+ 51. Rxb7 Rd2
52. h4 Rh2 53. Kd4 Rxh4+ 54. Ke3 Rg4 1/2-1/2

[Event "Spiltan & Pelaro IM"]
[Site "?"]
[Date "2004.06.17"]
[Round "6"]
[White "Cioara, Andrei"]
[Black "Edlund, Robin"]
[Result "1-0"]
[WhiteElo "2383"]
[BlackElo "2237"]
[PlyCount "75"]
[EventDate "2004.06.12"]

1. d4 Nf6 2. c4 g6 3. g3 Bg7 4. Bg2 O-O 5. Nf3 d6 6. O-O Nbd7 7. Nc3 e5 8. e4
exd4 9. Nxd4 Re8 10. h3 Nc5 11. Re1 a5 12. Rb1 Bd7 13. b3 Qc8 14. Kh2 Re5 15.
f4 Rh5 16. f5 gxf5 17. Nd5 Nxd5 18. exd5 Rh6 19. Bxh6 Bxh6 20. Qh5 Bg7 21. Rbd1
f4 22. gxf4 Qd8 23. Nf5 Bxf5 24. Qxf5 Qf6 25. Qxf6 Bxf6 26. Be4 Nxe4 27. Rxe4
a4 28. b4 a3 29. c5 Kf8 30. Rc1 Ra6 31. Kg3 h5 32. Kf3 Bb2 33. Rc2 Bf6 34. Rec4
b5 35. Re4 Be7 36. Rce2 Bf6 37. Re8+ Kg7 38. Rb8 1-0

[Event "Spiltan & Pelaro IM"]
[Site "?"]
[Date "2004.06.17"]
[Round "6"]
[White "Nemeth, Sebastian"]
[Black "Tetenkina, Irina"]
[Result "0-1"]
[WhiteElo "2124"]
[BlackElo "2199"]
[PlyCount "144"]
[EventDate "2004.06.12"]

1. e4 c5 2. Nf3 Nc6 3. d4 cxd4 4. c3 d5 5. exd5 Qxd5 6. cxd4 e6 7. Nc3 Qd8 8.
Bd3 Nf6 9. O-O Be7 10. Re1 O-O 11. a3 a6 12. Bc2 b5 13. Qd3 Bb7 14. Bg5 g6 15.
Rad1 Na5 16. Ne5 Rc8 17. Bh6 Re8 18. Qh3 Qd6 19. Bg5 Nh5 20. Nxg6 hxg6 21. Bxg6
Bxg5 22. Bxf7+ Kxf7 23. Qxh5+ Kf6 24. f4 Bxf4 25. Rf1 Rh8 26. Qg4 Rcg8 27.
Qxf4+ Qxf4 28. Rxf4+ Ke7 29. d5 exd5 30. Nxd5+ Bxd5 31. Rxd5 Rh6 32. a4 Rhg6
33. g3 Rg5 34. Re4+ Kf8 35. Rd8+ Kf7 36. Rd7+ Kf8 37. Rd8+ Kg7 38. Rd7+ Kf8 39.
Rd8+ Kf7 40. Rd7+ Kf8 41. Rd8+ Kg7 42. Rd7+ Kh6 43. axb5 axb5 44. Rh4+ Kg6 45.
Rf4 Nc4 46. b3 Na5 47. Ra7 Nxb3 48. Rb4 Nc1 49. Rb7 Ne2+ 50. Kf2 Nc3 51. g4 Re5
52. h4 Rf8+ 53. Kg1 Re1+ 54. Kg2 Re2+ 55. Kg1 Ra8 56. Rb6+ Kg7 57. Rb7+ Kg8 58.
Rf4 Ra1+ 59. Rf1 Rxf1+ 60. Kxf1 Re4 61. Kg2 Rxg4+ 62. Kh3 Rc4 63. h5 b4 64. Kg3
Ne4+ 65. Kf3 Nc5 66. Rb6 b3 67. h6 Rc2 68. Kg4 b2 69. Kh5 Kh7 70. Kg5 Ne4+ 71.
Kh5 Rh2+ 72. Kg4 Nc3 0-1

[Event "Spiltan & Pelaro IM"]
[Site "?"]
[Date "2004.06.17"]
[Round "6"]
[White "Wengholm, Anders"]
[Black "Nithander, Victor"]
[Result "1-0"]
[WhiteElo "2206"]
[BlackElo "2198"]
[PlyCount "107"]
[EventDate "2004.06.12"]

1. Nf3 g6 2. c4 Nf6 3. Nc3 Bg7 4. e4 d6 5. d4 O-O 6. Be2 e5 7. O-O Nc6 8. d5
Ne7 9. Ne1 c5 10. Nd3 Ne8 11. f3 f5 12. g4 Kh8 13. Be3 Ng8 14. Qd2 Qh4 15. Qe1
Qxe1 16. Rfxe1 Bh6 17. Bxh6 Nxh6 18. h3 Nf7 19. Kg2 Nf6 20. Reb1 h5 21. Kg3 Ng5
22. Nf2 a6 23. b4 Nd7 24. a3 hxg4 25. hxg4 fxg4 26. Nxg4 Rf4 27. Nd1 a5 28.
bxa5 Rxa5 29. Nc3 Kg7 30. Nb5 Nf7 31. Nc7 g5 32. Ne3 Nf6 33. Ng2 Nh5+ 34. Kf2
g4 35. Ne6+ Bxe6 36. dxe6 Ng5 37. Rxb7+ Kf6 38. e7 g3+ 39. Ke3 Ra8 40. Rh1 Kg6
41. Rd7 Nf7 42. Nh4+ Kg5 43. Nf5 Nf6 44. e8=Q Nxe8 45. Rxf7 Rxa3+ 46. Bd3 d5
47. exd5 Rxd3+ 48. Kxd3 Rxf5 49. Rxf5+ Kxf5 50. Ke3 Nd6 51. Rh4 Kg5 52. Rg4+
Kf5 53. Ke2 e4 54. Rxe4 1-0

[Event "Spiltan & Pelaro IM"]
[Site "?"]
[Date "2004.06.17"]
[Round "6"]
[White "Wesslén, Ulf"]
[Black "Helin, Mikael"]
[Result "1-0"]
[WhiteElo "2052"]
[BlackElo "1957"]
[PlyCount "91"]
[EventDate "2004.06.12"]

1. c4 c5 2. Nc3 Nc6 3. Nf3 e5 4. d3 h6 5. g3 g6 6. Bg2 Bg7 7. O-O Nge7 8. Bd2
O-O 9. Rb1 d6 10. a3 Bd7 11. b4 b6 12. Ne1 g5 13. b5 Na5 14. Nd5 Nxd5 15. Bxd5
Bh3 16. Ng2 Kh7 17. e4 Rb8 18. Qh5 Qd7 19. Ne3 Bxf1 20. Kxf1 f6 21. Nf5 Nb7 22.
h4 Qd8 23. Kg2 Qe8 24. Qxe8 Rfxe8 25. hxg5 fxg5 26. Bxg5 Kg6 27. Be3 Bf8 28.
Rh1 h5 29. Rxh5 Nd8 30. Rh8 Nf7 31. Rg8+ Kf6 32. g4 Bh6 33. Rxe8 Rxe8 34. Bxf7
Rh8 35. Nxh6 a6 36. g5+ Kg7 37. Bg8 axb5 38. cxb5 Kg6 39. Kg3 Kg7 40. Kg4 Kg6
41. Bd2 Kg7 42. Kf5 Rh7 43. Bxh7 Kxh7 44. Kf6 Kh8 45. Kf7 d5 46. g6 1-0

[Event "Spiltan & Pelaro IM"]
[Site "?"]
[Date "2004.06.18"]
[Round "7"]
[White "Gagarin, Vasilij"]
[Black "Krivonosov, Oleg"]
[Result "1/2-1/2"]
[WhiteElo "2422"]
[BlackElo "2455"]
[PlyCount "31"]
[EventDate "2004.06.12"]

1. d4 d5 2. c4 e6 3. Nc3 Nf6 4. Bg5 Be7 5. e3 h6 6. Bh4 O-O 7. Nf3 Ne4 8. Bxe7
Qxe7 9. Rc1 c6 10. Bd3 Nxc3 11. Rxc3 dxc4 12. Bxc4 Nd7 13. O-O b6 14. Bd3 c5
15. Be4 Rb8 16. Qc2 1/2-1/2